Catholic University of Zimbabwe Library
Online Public Access Catalogue
(OPAC)

Oxford companion to animal behaviour (Record no. 16635)

MARC details
000 -LEADER
fixed length control field 00504nam a2200157Ia 4500
008 - FIXED-LENGTH DATA ELEMENTS--GENERAL INFORMATION
fixed length control field 191206s9999 xx 000 0 und d
020 ## - INTERNATIONAL STANDARD BOOK NUMBER
International Standard Book Number 0192819909 (pbk.) :
090 ## -
-- QL750.3O94
245 #0 - TITLE STATEMENT
Title Oxford companion to animal behaviour
250 ## - EDITION STATEMENT
Edition statement Repr. with corrections and a new index.
260 ## - PUBLICATION, DISTRIBUTION, ETC.
Place of publication, distribution, etc. Oxford University Press
260 ## - PUBLICATION, DISTRIBUTION, ETC.
Name of publisher, distributor, etc. Oxford paperback reference
260 ## - PUBLICATION, DISTRIBUTION, ETC.
Date of publication, distribution, etc. c1987
300 ## - PHYSICAL DESCRIPTION
Extent "viii, 685 p. : ill. ; 24 cm."
Holdings
Withdrawn status Lost status Source of classification or shelving scheme Damaged status Not for loan Home library Current library Date acquired Total Checkouts Full call number Barcode Date last seen Price effective from Koha item type
          CUZ Bulawayo Campus CUZ Bulawayo Campus 06.12.2019   QL750.3O94 BBK001307 06.12.2019 06.12.2019 OS Book

OPENING HOURS

Weekdays: 0815hrs - 1800hrs
Weekends:0900hrs - 1200hrs

Closed for Mass:

Mon, Thur: 1200hrs - 1300hrs
Sunday & Public Holiday’s

CALL SUPPORT

0242-570570, 0242-570169
09200664, +263 8644140602

LOCATION

18443, Cranborne Avenue, Hatfield, Harare

Other Links


©2021 | CUZ Library